Normal view
MARC view
- WORLD ENVIRONMENT DAY
Entry Topical Term
001 - CONTROL NUMBER
- control field: 63612
003 - CONTROL NUMBER IDENTIFIER
- control field: NUST
005 - DATE AND TIME OF LATEST TRANSACTION
- control field: 20210628203137.0
008 - FIXED-LENGTH DATA ELEMENTS
- fixed length control field: 210628|| aca||aabn | a|a d
040 ## - CATALOGING SOURCE
- Original cataloging agency: NUST
- Transcribing agency: NUST
150 ## - HEADING--TOPICAL TERM
- Topical term or geographic name entry element: WORLD ENVIRONMENT DAY
670 ## - SOURCE DATA FOUND
- Source citation: Work cat.: (NUST): Pakistan Engineering Congress 51471, World environment day , june 2010, 2010
